000
00212 a2200097 4500
001
2764
100
_a
Morley, A.
245
_a
Elementry applied Mechanics
260
_a
_b
Longmans, green
_c
090
_c
2059
_d
2059
942
_a
NUST-CAE
_c
M
_c
11769
999
_c
237837
_d
237837